000 00331nam a22001457a 4500
020 _a81-219-1246-6
082 _a001
_bKAP/M
100 _aKAPUR, J.N
100 _aSAXENA, H.C
245 _aMATHEMATICAL STATISTICS
260 _aDELHI
_bS.CHAND & COMPANY
_c2005
300 _a792
650 _aMATHS REFERENCE
_zINDIA
942 _cBK
999 _c1246
_d1246